Personnalités nées à Marseille par images - Statistiques

Statistiques générales
  • Ce quiz a été pris 645 fois
  • Le résultat moyen est 8 sur 16
Statistiques - réponses
Par images Hint Réponse % Correct
1972 Zinédine Zidane
100%
1990 Jul
97%
1979 Soprano
96%
1969 Patrick Fiori
77%
1966 Éric Cantona
74%
1947 Jean-Pierre Foucault
69%
1966 Christophe Galtier
62%
1968 Frank Lebœuf
60%
1903-1971 Fernandel
58%
1981 Clara Morgane
38%
1968 Pef
31%
1972 Titoff
28%
1797-1877 Adolphe Thiers
20%
1927-2007 Maurice Béjart
10%
1868-1918 Edmond Rostand
5%
1953 Robert Guédiguian
4%
Aucun quiz correspondant
Distribution des résultats
% des personnes avec chaque résultat
Percentile par nombre de réponses
Votre historique - résultats
Vous n’avez pas pris ce quiz